| 000 | 00900nam a22003257a 4500 | ||
|---|---|---|---|
| 001 | BR9100899 | ||
| 003 | BR-BrBNA | ||
| 005 | 20230928093531.0 | ||
| 007 | ta | ||
| 008 | 230509b bl.||||| |||| 00| 0 por d | ||
| 040 |
_aBR-BrBNA _bpor _cBiblioteca Nacional de Agricultura |
||
| 041 | _a(Por) | ||
| 072 |
_aK10 _b/G514 |
||
| 090 | _ K10 BR9100899 | ||
| 100 | 1 | _aThibau, C.E. | |
| 110 | 1 |
_aFlorestas Rio Doce S.A., Belo Horizonte, MG (Brasil) _94749 |
|
| 245 | 1 | _aExplotacao florestal sustentavel. Fundamentos e tecnicas | |
| 260 | 3 |
_aBelo Horizonte, MG (Brasil): _c1990. |
|
| 300 | _a115 p. | ||
| 500 | _a20 tables | ||
| 650 | _aRECURSO NATURAL | ||
| 650 | _aRECURSO FLORESTAL | ||
| 650 | _aMANEJO | ||
| 650 | _aPRODUCAO | ||
| 650 | _aINVENTARIO FLORESTAL | ||
| 650 | _aEXPLORACAO FLORESTAL | ||
| 650 | _aREFLORESTAMENTO | ||
| 909 |
_a202309 _bLucia _c55 _dLucia Elande |
||
| 942 | _cBK | ||
| 999 |
_c45545 _d45545 |
||